French - Colours - Statistics

General Stats
  • This quiz has been taken 403 times
    372 since last reset
  • The average score is 10 of 12
Answer Stats
French English % Correct
bleu Blue
99%
blanc White
98%
gris Grey
92%
noir Black
88%
jaune Yellow
88%
marron Brown
80%
orange Orange
80%
rose Pink
75%
rouge Red
75%
vert Green
71%
violet Purple
71%
or Gold
38%
No matching quizzes found
Score Distribution
Percent of People with Each Score
Percentile by Number Answered
Your Score History
You have not taken this quiz since the last reset